000 00414nam a2200169Ia 4500
008 100714t2009 xxu||||| |||| 00| 0 sin d
041 _asin
080 _aX8S31
_bGUN
100 _aGunasekara, Leel
245 _aමං නැති දා
246 _aMan Nethida
260 _bSarasavi
_aNugegoda
_c2009
300 _a134p., 21 cm
942 _cBK
999 _c73279
_d73279
003 LK-CoDNM
040 _aLK-CoDNM
_dLK-CoDNM
_eLK-CoDNM